|
|
|
|
| LEADER |
01485nam a2200385 a 4500 |
| 001 |
EBC3386581 |
| 003 |
MiAaPQ |
| 005 |
20200520144314.0 |
| 006 |
m o d | |
| 007 |
cr cn||||||||| |
| 008 |
120221s2012 enka sb 001 0 eng d |
| 020 |
|
|
|z 9780745330457
|
| 020 |
|
|
|z 9780745330464
|
| 020 |
|
|
|a 9781849646284 (electronic bk.)
|
| 035 |
|
|
|a (MiAaPQ)EBC3386581
|
| 035 |
|
|
|a (Au-PeEL)EBL3386581
|
| 035 |
|
|
|a (CaPaEBR)ebr10528239
|
| 035 |
|
|
|a (CaONFJC)MIL987332
|
| 035 |
|
|
|a (OCoLC)777191982
|
| 040 |
|
|
|a MiAaPQ
|c MiAaPQ
|d MiAaPQ
|
| 043 |
|
|
|a f------
|
| 050 |
|
4 |
|a HD9577.A2
|b Y38 2012
|
| 100 |
1 |
|
|a Yates, Douglas A.
|
| 245 |
1 |
4 |
|a The scramble for African oil
|h [electronic resource] :
|b oppression, corruption and war for control of Africa's natural resources /
|c Douglas A. Yates.
|
| 260 |
|
|
|a London :
|b Pluto Press,
|c 2012.
|
| 300 |
|
|
|a x, 260 p. :
|b ill.
|
| 490 |
1 |
|
|a New politics, progressive policy
|
| 504 |
|
|
|a Includes bibliographical references and index.
|
| 505 |
0 |
|
|a pt. 1. Power from above -- pt. 2. Power from below.
|
| 533 |
|
|
|a Electronic reproduction. Ann Arbor, MI : ProQuest, 2015. Available via World Wide Web. Access may be limited to ProQuest affiliated libraries.
|
| 650 |
|
0 |
|a Petroleum industry and trade
|z Africa.
|
| 655 |
|
4 |
|a Electronic books.
|
| 710 |
2 |
|
|a ProQuest (Firm)
|
| 830 |
|
0 |
|a New politics, progressive policy.
|
| 856 |
4 |
0 |
|u https://ebookcentral.proquest.com/lib/matrademy/detail.action?docID=3386581
|z Click to View
|